Loading...
| Current Events | 2 | 25.00 | 100% | 100% | 50% |
| Fine Arts - Auditory | 3 | 20.00 | 100% | 100% | 0% |
| Fine Arts - Other | 6 | 13.33 | 83% | 33% | 17% |
| Fine Arts - Visual | 3 | 16.67 | 67% | 67% | 33% |
| Geography | 5 | 14.00 | 100% | 20% | 20% |
| History - American | 4 | 12.50 | 75% | 50% | 0% |
| History - Ancient | 1 | 20.00 | 100% | 100% | 0% |
| History - Ancient/Other | 3 | 16.67 | 100% | 67% | 0% |
| History - European | 5 | 16.00 | 100% | 60% | 0% |
| History - World | 2 | 10.00 | 100% | 0% | 0% |
| Literature - American | 3 | 13.33 | 100% | 33% | 0% |
| Literature - British | 4 | 17.50 | 100% | 50% | 25% |
| Literature - European | 6 | 13.33 | 100% | 33% | 0% |
| Literature - World | 6 | 15.00 | 100% | 33% | 17% |
| Mythology | 3 | 20.00 | 100% | 67% | 33% |
| Other Academic | 3 | 10.00 | 100% | 0% | 0% |
| Philosophy | 4 | 7.50 | 50% | 0% | 25% |
| Religion | 5 | 12.00 | 100% | 20% | 0% |
| Science - Biology | 3 | 10.00 | 67% | 33% | 0% |
| Science - Chemistry | 5 | 8.00 | 80% | 0% | 0% |
| Science - Other | 8 | 15.00 | 100% | 25% | 25% |
| Science - Physics | 4 | 15.00 | 100% | 50% | 0% |
| Social Science | 9 | 14.44 | 100% | 33% | 11% |